Pays sans les lettres de "FIDJI" - Statistiques

Statistiques générales
  • Ce quiz a été pris 57 fois
    10 depuis la dernière actualisation
  • Le résultat moyen est 27 sur 52
Statistiques - réponses
Continents Pays % Correct
Afrique Angola
100%
Asie Chypre
75%
Amérique du Nord Cuba
75%
Afrique Égypte
75%
Europe Espagne
75%
Europe Grèce
75%
Amérique du Sud Guyana
75%
Europe Kosovo
75%
Océanie Nauru
75%
Europe Norvège
75%
Asie Oman
75%
Amérique du Nord Panama
75%
Asie Qatar
75%
Océanie Tuvalu
75%
Océanie Vanuatu
75%
Asie Yemen
75%
Amérique du Nord Bahamas
50%
Afrique Cameroun
50%
Amérique du Sud Équateur
50%
Afrique Érythrée
50%
Afrique Gabon
50%
Afrique Ghana
50%
Asie Kazakhstan
50%
Asie Laos
50%
Afrique Lesotho
50%
Europe Malte
50%
Afrique Maroc
50%
Europe Monaco
50%
Europe Montenegro
50%
Asie Nepal
50%
Océanie Palaos
50%
Amérique du Sud Paraguay
50%
Europe Pays-Bas
50%
Amérique du Sud Pérou
50%
Europe Pologne
50%
Europe Portugal
50%
Océanie Samoa
50%
Afrique Seychelles
50%
Afrique Togo
50%
Amérique du Sud Uruguay
50%
Europe Allemagne
25%
Asie Bhoutan
25%
Afrique Botswana
25%
Afrique Cap-Vert
25%
Afrique Comores
25%
Amérique du Nord Guatemala
25%
Afrique Kenya
25%
Asie Myanmar
25%
Afrique Sénégal
25%
Océanie Tonga
25%
Amérique du Sud Venezuela
25%
Europe Luxembourg
0%
Aucun quiz correspondant
Distribution des résultats
% des personnes avec chaque résultat
Percentile par nombre de réponses
Votre historique - résultats
Vous n’avez pas pris ce quiz depuis la dernière actualisation